Statistics for UCI World Tour Teams 2020

Click here to take the quiz!

General Stats

  • This quiz has been taken 28 times
  • The average score is 11 of 19

Answer Stats

CountryTeam% Correct
NetherlandsTeam Jumbo-Visma
82%
KazakstanAstana
77%
United KingdomTeam Ineos
77%
FranceAG2R La Mondiale
73%
FranceCofidis
68%
GermanyBora-Hansgrohe
64%
PolandCCC Team
64%
SpainMovistar Team
64%
United StatesEF Education First
55%
BelgiumLotto-Soudal
55%
FranceGroupama-FDJ
50%
IsraelIsrael Start-Up Nation
50%
BahrainBahrain-McLaren
45%
AustraliaMitchelton-Scott
45%
South AfricaNTT Pro Cycling
45%
GermanyTeam Sunweb
45%
United StatesTrek-Segafredo
45%
BelgiumDeceuninck-Quick-Step
41%
United Arab EmiratesUAE Team Emirates
36%

Score Distribution

Percentile by Number Answered

Percent of People with Each Score

Your Score History

You have not taken this quiz